| 000 | 01364nam a2200265Ia 4500 | ||
|---|---|---|---|
| 999 |
_c55247 _d55247 |
||
| 001 | 22323 | ||
| 003 | GE_BSU | ||
| 005 | 20221026115026.0 | ||
| 008 | 181216s1978||||ge |||||||||||||| ||abk|| | ||
| 040 | _cGE_BSU | ||
| 041 | _aabk | ||
| 080 | _a821.353.1-13(=352.2) Р-88 | ||
| 100 |
_aრუსთაველი, შოთა / Руставели, Шота _915550 |
||
| 245 |
_aВитязь в тигровой шкуре (на абхаз. языке)=ვეფხისტყაოსანი (აბხაზურ ენაზე) _cთარგმანი რუსული ენიდან მ. ლასურიასი. რედ. პ. ცქვიტარია. |
||
| 264 |
_aსოხუმი : _bალაშარა, _c1978. |
||
| 300 |
_a307 გვ.: _bილ.; _c30 სმ. |
||
| 520 | _aწიგნი არის აბხაზურ ენაზე | ||
| 653 | _aШота Руставели (на абхаз. языке) | ||
| 653 | _aშოთა რუსთავლი (აბხაზურ ენაზე) | ||
| 653 | _aВитязь в тигровой шкуре | ||
| 653 | _aვეფხისტყაოსანი | ||
| 700 |
_bლასურიასი, მ. _eმთარგმნელი _915551 |
||
| 700 |
_aცქვიტარია, პ. _eრედაქტორი _915552 |
||
| 942 |
_cBK _2udc |
||